• 首页
  • 本馆介绍
  • 公告通知
  • 最新文献
  • 馆藏检索
  • 电子资源
  • 读者导购
  • 参考咨询
  • 我的图书馆
  • 登录
  • 详细信息显示
  • 放入我的书架
  • 预约/预借图书
  • 作者相关作品
  • 分类相关作品
  • 丛书相关作品
  • 出版社相关作品

书目信息

  • 表格格式
  • 工作单格式
  • 卡片格式
题名:
项目管理
    
 
作者: 周跃进 编著
分册:  
出版信息: 北京   机械工业出版社  2010
页数: 294页
开本: 24cm
丛书名:
单 册:
中图分类: F224.5
科图分类:
主题词: 项目管理--高等教育--教材 , 项目管理
电子资源:
ISBN: 978-7-111-20089-5
000 01017nam0 2200289 45
001 1050904015
005 20100415165043.79
010    @a978-7-111-20089-5@dCNY29.00
100    @a20100409e2010 em y0chiy0110 ea
101 0  @achi
102    @aCN@b110000
105    @ay z 000yy
106    @ar
200 1  @a项目管理@AXiang Mu Guan Li@f周跃进[等]编著@FZhou Yue Jin [ Deng ] Bian Zhu
210    @a北京@c机械工业出版社@d2010
215    @a294页@d24cm
300    @a普通高等教育“十一五”国家级规划教材
304    @a编著者还有:杨东朗、王旭、李兴东、法月萍、倪霖等
312    @a封面英文题名:Project management
330    @a本书从企业应用角度介绍了项目管理的内容和知识体系,着重阐述了系统管理思想在项目管理中的应用以及新经济环境下项目管理给企业带来的新变革。
510 1  @aProject management@zeng
606 0  @a项目管理@x高等教育@j教材
606 0  @a项目管理
690    @aF224.5@v4
701  0 @a周跃进@AZhou Yue Jin@f(1959~)@4编著
801  0 @aCN@bTANGWEI@c20100415
905    @b0591598-602@dF224.5@e367@f5
    
    项目管理/周跃进[等]编著.-北京:机械工业出版社,2010
    294页;24cm
    普通高等教育“十一五”国家级规划教材
    
    ISBN 978-7-111-20089-5:CNY29.00
    本书从企业应用角度介绍了项目管理的内容和知识体系,着重阐述了系统管理思想在项目管理中的应用以及新经济环境下项目管理给企业带来的新变革。
●
相关链接 在E读中查询图书 在五车中查询图书 在当当中查询图书 在豆瓣中查询图书


正题名:项目管理     索取号:F224.5/367         预约/预借

序号 登录号 条形码 馆藏地/架位号 状态 备注
1 0591598   205915982   第一样本阅览室/ [索取号:F224.5/367] 在馆    
2 0591599   205915991   第一借阅区/ [索取号:F224.5/367] 在馆    
3 0591600   205916008   第一借阅区/ [索取号:F224.5/367] 在馆    
4 0591601   205916017   第一借阅区/ [索取号:F224.5/367] 在馆    
5 0591602   205916026   密集书库-海洋学院/ [索取号:F224.5/367] 在馆    
唐山师范学院图书馆 欢迎您!
大连网信软件有限公司© 版权所有